Statistics for 20 biggest cities in Congo DR

Click here to take the quiz!

General Stats

  • This quiz has been taken 87 times
  • The average score is 10 of 20

Answer Stats

POSITION/POPULATIONAnswer% Correct
1) 8.9MKinshasa
100%
2) 1.63MLubumbashi
87%
3) 1.56MMbuji-Mayi
84%
10) 377KGoma
71%
5) 967KKananga
71%
6) 868KKisangani
65%
4) 1.01MBukavu
48%
11) 370KKikwit
45%
9) 422KLikasi
45%
8) 451KKolwezi
42%
15) 291KMatadi
42%
19) 167KBoma
39%
16) 204KButembo
35%
13) 327KBunia
32%
14) 324KMbandaka
32%
7) 524KTshikapa
32%
20) 163KKindu
26%
17) 192KKabinda
23%
18) 190KMwene-Ditu
19%
12) 337KUvira
16%

Score Distribution

Percentile by Number Answered

Percent of People with Each Score

Your Score History

You have not taken this quiz